| 000 | 01106nam a2200313 a 4500 | ||
|---|---|---|---|
| 001 | 000113271 | ||
| 003 | CHAP | ||
| 005 | 20220329144347.0 | ||
| 008 | 170529s2017 mx a fsm |||||||spa d | ||
| 010 | _a109732 | ||
| 011 | _a110704 | ||
| 040 | _cCHAP | ||
| 090 | _aTesis | ||
| 100 | 0 | 0 |
_aFélix Gutiérrez, Luis _941948 |
| 245 | 1 | 0 |
_aBalance oferta demanda del frijol en México mediante programación lineal / _h[En línea] _cpor Luis Félix Gutiérrez. |
| 260 |
_aChapingo, Méx. : _bEl autor, _c2017. |
||
| 500 | _aPara ver el contenido del material haga clic en la liga | ||
| 502 | _aTesis (Ph.D. en Ciencias en Economía Agrícola) -- UACH. Departamento de Economía | ||
| 590 |
_aE8697GMM _b05 _c20170529 _lUCH01 _h1432 |
||
| 590 |
_aE8697GMM _b05 _c20170529 _lUCH01 _h1503 |
||
| 650 | 1 | 4 |
_aFrijol _xConsumo. _943351 |
| 650 | 1 | 4 |
_aFrijol _xCostos de producción. _943355 |
| 650 | 1 | 4 |
_aFrijol _xMercadeo. _943406 |
| 650 | 1 | 4 |
_aFrijol _xProducción _zMéxico. _9128414 |
| 856 |
_aFinding aid _uhttp://10.13.5.2/tesis/sist113271.pdf _zTeclea aquí |
||
| 901 | _aBK | ||
| 942 | _cTESIS | ||
| 942 | _n0 | ||
| 999 |
_c109732 _d109732 |
||